Víťazstvo rozumu nad hazardom vojny

Bibliographic Details
Main Author: Latta, Boris, 1952-2019 (Author)
Format: Article
Language:Slovak
Subjects:

MARC

LEADER 00000nab a2200000 a 4500
001 vtls000328155
003 SK-MaSNL
005 20260304055328.0
008 111201c1988 xo 0 slo
015 |a SNBRB19rr/mm-uuuuu 
035 |a CL0328277 
040 |a SNKBUCL  |b slo  |c SNKBUCL  |e AACR2 
041 0 |a slo 
044 |a xo  |c SK 
080 |a 327(100-19)(567:55)  |2 1981 
080 |a 327(100-19)(55:567)  |2 1981 
100 1 |a Latta, Boris,  |d 1952-2019  |4 aut  |9 188135 
245 1 0 |a Víťazstvo rozumu nad hazardom vojny  |c Boris Latta 
650 0 7 |a zahraničná politika  |2 snkbucl  |9 971 
651 7 |a Irak  |2 snkbucl  |9 28953 
651 7 |a Irán  |2 snkbucl  |9 21370 
655 7 |a články z novín a časopisov  |2 snkbucl  |9 267496 
773 0 |t Pravda  |g Roč. 69, č. 187 (10. 8. 1988), s. 5 
850 |a Slovenská národná knižnica v Martine  |a MTA001 
852 |a SNK  |b KIS3GCP 
958 |a RK 
992 |a RBX 
999 |c 2723724  |d 2725654